|
|
|
|
| LEADER |
00597 a2200181 4500 |
| 020 |
|
|
|a 0201722194 (alk. paper)
|
| 090 |
|
|
|c 17
|d 17
|
| 100 |
1 |
|
|a Budgen, D.
|
| 245 |
1 |
0 |
|a Software design /2nd ed.
|c David Budgen.
|
| 250 |
|
|
|a 2nd ed.
|
| 260 |
|
|
|a Harlow, England ;
|a New York :
|b Addison-Wesley,
|c 2003.
|
| 300 |
|
|
|a xvi, 468 p. :
|b ill. ;
|c 24 cm.
|
| 650 |
|
0 |
|a Computer software
|
| 650 |
|
0 |
|x Development.
|
| 082 |
|
|
|a 004.415.2 BUD
|
| 942 |
|
|
|c BK
|6 _
|
| 999 |
|
|
|c 84017
|d 84017
|
| 952 |
|
|
|0 0
|1 0
|2 ddc
|4 0
|6 0044152_BUD1
|7 0
|9 103653
|a DCA
|b DCA
|d 2008-08-25
|o 004.415.2 BUD/1
|p CA004352
|r 2008-08-25
|u 17
|w 2008-08-25
|y for loan
|